1734 1170 1803 1742 1798 1135 1392 1314 1237 1730 1839 1794 1501 1485 1584 1035 1859 1238 1738 1120 1209 1974 1575 1949 1086 1569 1620 1978 1528 1116 1977 1430 1357 1496 1648 1630 1873 1459 1892 1259 1086 1904 1191 1827 1343 1833 1095 1154 1932 1548 1267 1436 1782 1587 1302 1651 1675 1094 1435 1587 1866 1097 1682 1414 1903 1192 1140 1308 1524 1595 1741 1214 1800 1282 1230 1011 1288 1057 1361 1583 1433 1432 1403 1495 1635 1753 1335 1792 1276 1369 1944 1603 1490 1201 1130 1113 1558 1137 1286 BCNSPRNW ULIB Ver.6.0+V

เปลี่ยนเป็นภาษาไทย

Change to English
 แสดงรายละเอียดบรรณานุกรม
  กลับหน้าหลัก

Brief Record : Get Marc (ISO 2709) : E-mail record : QR code < ปิดหน้าต่าง
LEADER : 00000nam 2200000uu 4500
001    13399109129
003     ULIB
008    110322s2550||||th 000 0 tha d
020    9789744140005
041 1  tha^heng
050  4 T49.5^bฮ829ค 2550
100 1  แฮงค์ส, เคิร์ท,^dค.ศ. 1947-
245 10 คิดแบบ genius =^bWake up your creative genius /^cโดย KurtHanks และ Jay Parry ; แปลและเรียบเรียงโดย ทวี ลักษมีวัฒนา,ชาตรี เลิศล้ำประเสริฐ
246 31 Wake up your creative genius
250    พิมพ์ครั้งที่ 3
260    กรุงเทพฯ :^bเอ็กซเปอร์เน็ท,^c2550
300    iv, 199 หน้า :^bภาพประกอบ ;^c24 ซม.
650  7 ความคิดสร้างสรรค์
650  7 การสร้างสรรค์ทางเทคโนโลยี
700 0  ทวี ลักษมีวัฒนา,^eผู้แปล
700 0  ชาตรี เลิศล้ำประเสริฐ,^eผู้แปล
700 1  พาร์รีย์, เจย์
945    ^p250^l0^i029934
945    ^p250^l0^i029933
995    ทศพร
999 ^a ใช้งานได้ทุกระบบ
รายการนี้ยังไม่มีแท็ก
คุณยังไม่ได้ล็อกอิน คุณสามารถมีกิจกรรมร่วมกับเว็บไซต์ได้ แต่ต้องล็อกอินก่อน ::
  ล็อกอิน

รายการสื่อสารสนเทศ

ลำดับที่ ประเภท เลขเรียก/บาร์โค้ด สถานที่ สถานะ
1. การศึกษาทั่วไป
การศึกษาทั่วไป
T49.5 ฮ829ค 2550 ฉ.2 
  Barcode: 029934
ห้องสมุดวิทยาเขตนครสวรรค์
►หนังสือทั่วไป:l:General Books
บนชั้น

รายการใกล้เคียง
    หัวเรื่อง [ความคิดสร้างสรรค์]
    หัวเรื่อง [การสร้างสรรค์ทางเทคโนโลยี]

BibComment


ยังไม่เคยถูกคอมเมนท์

คอมเมนท์ทรัพยากรรายการนี้
  คอมเมนท์: คิดแบบ genius Wa..


 Copyright 2026. Bcnsprnw @Library